00665nam a2200169 i 450000100060000000300090000600500170001500700030003200800410003510000450007624500950012126000740021630000340029085200320032499900170035695201220037342730ES-MaACL20230906160653.0t|030313s1968 sp ||||1| spa d1 aCastiñeiras García, Maximino.93678910aDel corazón al lector b: (poemas, odas y cantares) / cMaximino Castiñeiras García. aSantiago de Compostela : b[s.n.], c1968 (fTip. El eco franciscano) a90 p. : b1 lám. ; c21 cm. aES-MaACLjC-49861 bR.66828 c42730d42730 00104070aATENEOMbATENEOMcDEPO2d2008-01-17eSCl0oC-49861p1044983r2023-02-23 00:00:00w2023-02-23yMONOGRAFIA